| 000 | 00711cam a2200265 a 4500 | ||
|---|---|---|---|
| 001 | 1151378 | ||
| 005 | 20180315044712.0 | ||
| 008 | 941024s1994 enk d 000 0 eng d | ||
| 010 | _a 95155025 | ||
| 015 | _aGB94-84755 | ||
| 020 |
_a0304320498 : _c£16.99 : Formerly CIP |
||
| 035 | _a(OCoLC)31486348 | ||
| 040 |
_aUk _cUk _dOCoLC _dDLC |
||
| 041 | _aeng | ||
| 042 | _alccopycat | ||
| 080 | _a780.904 PIC | ||
| 082 | 0 | 0 |
_a780.904 PIC _220 |
| 100 | 1 | _a45 | |
| 101 | _aMUZ | ||
| 245 | 1 | 0 |
_aBrewer's twentieth-century music / _cDavid Pickering. |
| 906 |
_a7 _bcbc _ccopycat _d2 _encip _f19 _gy-gencatlg |
||
| 942 |
_2ddc _cBK |
||
| 999 |
_c45074 _d45074 |
||